000 00314nam a22001457a 4500
008 210310b ||||| |||| 00| 0 eng d
020 _a9780495556732
041 _aeng
080 _a574
082 _a574
100 _a9
101 _aMJE
245 _aLiving in the Environment
_cMiller,T.G
942 _2udc
_cBK
999 _c56135
_d56135